[Event "Cattolica op"]
[Site "Cattolica"]
[Date "2005.06.17"]
[Round "7"]
[White "Magalotti, Andrea"]
[Black "Pivotto, Carlo"]
[Result "1/2-1/2"]
[WhiteElo "2169"]
[BlackElo "1802"]
[PlyCount "96"]
[EventDate "2005.06.11"]
[EventType "swiss"]
[EventRounds "9"]
[EventCountry "ITA"]
[SourceTitle "EXT 2007"]
[Source "ChessBase"]
[SourceDate "2006.11.23"]
[SourceVersion "1"]
[SourceVersionDate "2006.11.23"]
[SourceQuality "1"]

1. d4 g6 2. c4 Bg7 3. e4 c5 4. d5 d6 5. Nc3 Nf6 6. Nge2 0-0 7. Ng3 a6 8. f3 e6 9. dxe6 Bxe6 10. Bf4 Qb6 11. Qd2 Nc6 12. Bd3 Ne5 13. b3 Rad8 14. Bc2 Rfe8 15. 0-0 Qa5 16. Rac1 b5 17. cxb5 axb5 18. Rfd1 b4 19. Nce2 Qb6 20. Kh1 h5 21. Qe1 h4 22. Nf1 h3 23. Bg5 hxg2+ 24. Kxg2 d5 25. f4 Nc6 26. e5 Nh5 27. Nfg3 Bg4 28. Nxh5 Bxh5 29. Bxd8 Qxd8 30. Be4 Nd4 31. Nxd4 Bxd1 32. Nc6 Qa8 33. Bxd5 Qxa2+ 34. Qf2 Qxf2+ 35. Kxf2 Bg4 36. Rxc5 Bf8 37. Rb5 Be6 38. Nxb4 Bd7 39. Rb7 Rd8 40. Be4 Bc5+ 41. Kf3 Be6 42. Nd3 Bf8 43. Ke3 Rc8 44. b4 Rc3 45. Kd4 Rc4+ 46. Ke3 Rc3 47. Kd4 Rc4+ 48. Ke3 Rc3 1/2-1/2